Normal view
MARC view
- Roads
Entry Topical Term
001 - CONTROL NUMBER
- control field: 20708
003 - CONTROL NUMBER IDENTIFIER
- control field: NUST
005 - DATE AND TIME OF LATEST TRANSACTION
- control field: 20190916052550.0
008 - FIXED-LENGTH DATA ELEMENTS
- fixed length control field: 190916|| aca||aabn | a|a d
040 ## - CATALOGING SOURCE
- Original cataloging agency: NUST
- Transcribing agency: NUST
150 ## - HEADING--TOPICAL TERM
- Topical term or geographic name entry element: Roads
- General subdivision: Safety measures.
670 ## - SOURCE DATA FOUND
- Source citation: Work cat.: (NUST)0: Blatnik, John A. 20706, Roadside hazards., 1968.
